UK Birds by Picture (Heron and Ibis Special) - Statistics

General Stats
  • This quiz has been taken 26 times
    24 since last reset
  • The average score is 9 of 11
Answer Stats
Picture Answer % Correct
Spoonbill
100%
Grey Heron
95%
Little Egret
89%
Bittern
84%
Cattle Egret
84%
Purple Heron
84%
(Black-Crowned) Night Heron
79%
Great Egret
79%
Little Bittern
79%
Glossy Ibis
74%
Squacco Heron
63%
No matching quizzes found
Score Distribution
Percent of People with Each Score
Percentile by Number Answered
Your Score History
You have not taken this quiz since the last reset